000 00334nam a22001457a 4500
003 OSt
005 20160727222402.0
008 160623b xxu||||| |||| 00| 0 eng d
040 _cTest
100 _9698
_aLandorf, J,
245 _aChange Points
260 _aN.J
_b Fleming H. Revell
_c1947
300 _aChange Points
942 _2ddc
_cBK
999 _c595
_d595